Air pollution control equipment selection guide / (Record no. 19510)

MARC details
000 -LEADER
fixed length control field 00915cam a22002655a 4500
001 - CONTROL NUMBER
control field 17824301
005 - DATE AND TIME OF LATEST TRANSACTION
control field 20150609155911.0
008 - FIXED-LENGTH DATA ELEMENTS--GENERAL INFORMATION
fixed length control field 130724t2014 flua frb 001 0 eng d
020 ## - INTERNATIONAL STANDARD BOOK NUMBER
International Standard Book Number 9781466561816 (hardcover : alk. paper)
040 ## - CATALOGING SOURCE
Original cataloging agency DLC
Language of cataloging eng
Transcribing agency DLC
Modifying agency DLC
-- EG-ScBUE
050 00 - LIBRARY OF CONGRESS CALL NUMBER
Classification number TD889
Item number .S35 2014
082 04 - DEWEY DECIMAL CLASSIFICATION NUMBER
Classification number 628.53
Edition number 22
Item number SCH
100 1# - MAIN ENTRY--PERSONAL NAME
Personal name Schifftner, Kenneth C.
9 (RLIN) 38133
245 10 - TITLE STATEMENT
Title Air pollution control equipment selection guide /
Statement of responsibility, etc Kenneth C. Schifftner.
250 ## - EDITION STATEMENT
Edition statement 2nd ed.
260 ## - PUBLICATION, DISTRIBUTION, ETC. (IMPRINT)
Place of publication, distribution, etc Boca Raton :
Name of publisher, distributor, etc CRC Press / Taylor & Francis,
Date of publication, distribution, etc c.2014
Manufacturer (Acid-Free Paper)
300 ## - PHYSICAL DESCRIPTION
Extent xvii, 273 p. :
Other physical details ill. ;
Dimensions 25 cm.
500 ## - GENERAL NOTE
General note Index : p. 263-273.
504 ## - BIBLIOGRAPHY, ETC. NOTE
Bibliography, etc Includes bibliographical references.
650 #0 - SUBJECT ADDED ENTRY--TOPICAL TERM
Topical term or geographic name as entry element Air
General subdivision Purification
-- Equipment and supplies.
Source of heading or term BUEsh
650 #0 - SUBJECT ADDED ENTRY--TOPICAL TERM
Topical term or geographic name as entry element Pollution control equipment.
Source of heading or term BUEsh
653 ## - INDEX TERM--UNCONTROLLED
Resource For college Engineering, General
Arrived date list June2015
655 ## - INDEX TERM--GENRE/FORM
Form subdivision
-- 34232
942 ## - ADDED ENTRY ELEMENTS (KOHA)
Source of classification or shelving scheme Dewey Decimal Classification
Holdings
Withdrawn status Lost status Source of classification or shelving scheme Damaged status Not for loan Koha collection Home library Current library Shelving location Date acquired Source of acquisition Cost, normal purchase price Total Checkouts Full call number Barcode Checked out Date last seen Date last borrowed Cost, replacement price Koha item type
    Dewey Decimal Classification     Baccah Central Library Central Library First floor 09/06/2015   620.00 1 628.53 SCH 000038492 22/09/2019 04/07/2019 04/07/2019 775.00 Book - Borrowing